| 000 | 01873nam0a2200409 4500 | ||
|---|---|---|---|
| 001 | RU\NLR\bibl\2046360 | ||
| 005 | 20260409074828.0 | ||
| 010 |
_a978-5-85341-532-4 _9300 |
||
| 021 |
_aRU _b2013-40973 _92824 |
||
| 035 | _a(NLR Aleph) 002033514 | ||
| 035 | _a(nilc)RuMoRGB-006586396 | ||
| 090 |
_a4561923 _c4561923 |
||
| 100 | _a20130527d2013 k y0rusy50 ca | ||
| 101 | 0 | _arus | |
| 102 | _aRU | ||
| 105 | _ay ||||||||| | ||
| 200 | 1 |
_aРоссийская городская повседневность в социально-философском контексте _eмонография _fС.С. Касаткина _gМ-во образования и науки Рос. Федерации, Федер. гос. бюджет. образоват. учреждение высш. проф. образования "Череповец. гос. ун-т", Фак. общ. гуманит. и соц.-экон. дисциплин |
|
| 210 |
_aЧереповец _cФГБОУ ВПО "Череповецкий государственный университет" _d2013 |
||
| 215 |
_a137, [1] с. _d20 |
||
| 320 | _aБиблиогр.: с. 124-137 (219 назв.) | ||
| 606 |
_aПовседневность (социол.) _3RU\NLR\AUTH\661329349 _92213087 |
||
| 606 | 1 |
_aГорода _xСоциально-философские вопросы _92160539 _3RU\NLR\AUTH\661604945 |
|
| 610 | 0 | _aгород | |
| 610 | 0 | _aурбанизация | |
| 686 | 1 | _aС5в | |
| 686 | 1 | _aС550.661 | |
| 686 | 1 | _aЮ6 | |
| 700 | 1 |
_aКасаткина _bС. С. _gСветлана Сергеевна _4070 |
|
| 801 | 0 |
_aRU _bRuMoRKP _c20130527 _gRCR |
|
| 801 | 1 |
_aRU _bRuMoRKP _c20130527 _2rusmarc |
|
| 801 | 2 |
_aRU _bРГБ _c20130613 _grcr |
|
| 801 | 2 |
_aRU _bNLR _c20130624 _grcr |
|
| 942 | _cBOOK | ||
| 980 | _aNBR | ||
| 980 | _aNB | ||